000 00752nam a2200289Ia 4500
005 20260324135901.0
008 008 260324s9999 xx 000 0 eng d
020 _a9781315803531
037 _aEBOOK
040 _aCRL
040 _beng
040 _cCRL
041 _2eng
041 _aeng
084 _qCRL
100 _aLaura E. Whitmire; Kathryn Quina; Patricia J. Morokoff; Lisa L. Harlow
_91202282
245 0 _aChild Trauma And HIV Risk Behaviour In Women
245 2 _bA Multivariate Mediational Model
260 _bTaylor and Francis
260 _c1999
365 _a
365 _b205
856 _uhttp://www.taylorfrancis.com/books/9781315803531
942 _cEBOOK
999 _c1803811
_d1803811